00473nam a2200145Ia 4500008004100000100001200041245011100053245002700164260005900191260000900250300000900259650001800268650001500286856002600301170221s9999 xx 000 0 und d aYing Li aExploring the Extrinsic and Intrinsic Motivations in Blogging: A Survey on Hong Kong University Students  cYing Li, Gongcheng Lin bOnline Journal of Communication and Media Technologies c2016 a10 : xCommunication xMedia Arts uhttp://www.ojcmt.net/